| 000 | 00590 a2200181 4500 | ||
|---|---|---|---|
| 020 | _a0596006853 (pbk.) | ||
| 035 | _a(OCoLC)ocm57201853 | ||
| 040 |
_aDLC _bDLC |
||
| 082 | 0 | 4 | _a005.8 |
| 100 | 1 | _aDanseglio, Mike. | |
| 245 | 1 | 0 |
_aSecuring Windows Server 2003 _cMike Danseglio |
| 260 |
_aSebastopol, Calif. : _bO'Reilly, _cc2005. |
||
| 300 |
_axvi, 426 p. : _bill. ; _c24 cm. |
||
| 500 | _aIncludes index. | ||
| 650 | 0 |
_aComputer networks _xSecurity measures. |
|
| 856 | 4 | 2 |
_3Publisher description _uhttp://www.loc.gov/catdir/enhancements/fy0715/2005281915-d.html |
| 942 |
_cBK _k005.8 DAN _2ddc |
||
| 999 |
_c6698 _d6698 |
||